Guess the Taylor Swift song with no hints #1 - Statistics

General Stats
  • This quiz has been taken 4,225 times
    3,653 since last reset
  • The average score is 276 of 448
Answer Stats
Answer % Correct
I
99%
a
97%
you
97%
You
97%
the
94%
me
89%
We
87%
And
86%
and
86%
Your
85%
your
85%
do
84%
To
82%
to
82%
in
81%
it
81%
love
81%
Can
79%
can
79%
my
79%
My
79%
who
79%
On
78%
no
77%
See
77%
see
77%
is
76%
thin
75%
So
74%
so
74%
were
73%
what
73%
You're
73%
hear
72%
like
70%
Like
70%
Of
70%
I'm
69%
this
69%
This
69%
for
68%
all
67%
All
67%
Am
67%
am
67%
not
65%
there
65%
With
63%
with
63%
but
62%
at
59%
Never
59%
never
59%
now?
59%
Now
59%
think
59%
Think
59%
up
57%
us
57%
out
56%
out,
56%
time
56%
I've
55%
didn't
54%
his
53%
just
53%
before
48%
exile,
48%
standing,
48%
around
47%
seen
47%
even
46%
right
46%
anymore
45%
ending
45%
film
45%
gave
45%
get
45%
read
45%
always
44%
Body
44%
honey
44%
Arms
43%
here
43%
many
43%
mind
43%
seein'
43%
sign
43%
door
42%
line
42%
took
42%
walked
42%
'Cause
41%
defending
41%
leave
41%
signs
41%
signs,
41%
very
41%
funny
40%
he's
40%
homeland
40%
joke's
40%
town
40%
crying
39%
Laughin',
39%
Side
39%
step
39%
whole
39%
you'd
39%
amount
38%
five
38%
leavin'
38%
minutes
38%
problem
38%
things
38%
warning
38%
Warning
38%
hall
36%
starin',
36%
couldn't
35%
eyes
35%
understudy
35%
bloody
34%
crown
34%
learned
34%
pack
33%
knuckles
32%
Those
32%
turn
32%
Turn
32%
offending
31%
chances
30%
Second,
30%
third,
28%
breaking
27%
injury
27%
turned
27%
add
26%
insult
26%
Balancin'
25%
Holdin'
23%
hundredth
23%
Ah,
22%
ah
22%
branches
21%
No matching quizzes found
Score Distribution
Percent of People with Each Score
Percentile by Number Answered
Your Score History
You have not taken this quiz since the last reset